You and Us: (Record no. 588764)

000 -LEADER
fixed length control field 00347nam a22001337a 4500
020 ## - INTERNATIONAL STANDARD BOOK NUMBER
International Standard Book Number 9787508519073
082 ## - DEWEY DECIMAL CLASSIFICATION NUMBER
Classification number 327.5105491
Author Mark SHU
100 ## - MAIN ENTRY--PERSONAL NAME
Personal name Shulin, Lu
245 ## - TITLE STATEMENT
Title You and Us:
Remainder of title Stories of China and Pakistan /
Statement of responsibility, etc. Lu Shulin
260 ## - PUBLICATION, DISTRIBUTION, ETC.
Place of publication, distribution, etc. Beijing :
Name of publisher, distributor, etc. Kindle,
Date of publication, distribution, etc. 2015.
300 ## - PHYSICAL DESCRIPTION
Extent 263p. ;
Dimensions 23 cm.
563 ## - BINDING INFORMATION
Binding note PBK.
942 ## - ADDED ENTRY ELEMENTS (KOHA)
Source of classification or shelving scheme
Koha item type Book
Holdings
Withdrawn status Lost status Source of classification or shelving scheme Damaged status Not for loan Permanent Location Current Location Shelving location Date acquired Source of acquisition Full call number Barcode Date last seen Price effective from Koha item type
          NUST Law School (NLS) NUST Law School (NLS) Chinese Studies 03/15/2022 Donated by China Embassy 327.5105491 SHU CL-D-1540 03/15/2022 03/15/2022 Book
© 2023 Central Library, National University of Sciences and Technology. All Rights Reserved.